Normal view
MARC view
- Maji G. Krishnan
Entry Personal Name
001 - CONTROL NUMBER
- control field: 3918
003 - CONTROL NUMBER IDENTIFIER
- control field: OSt
005 - DATE AND TIME OF LATEST TRANSACTION
- control field: 20181115140631.0
008 - FIXED-LENGTH DATA ELEMENTS
- fixed length control field: 181115|| aca||aabn | a|a d
040 ## - CATALOGING SOURCE
- Original cataloging agency: OSt
- Transcribing agency: OSt
100 ## - HEADING--PERSONAL NAME
- Personal name: Maji G. Krishnan
670 ## - SOURCE DATA FOUND
- Source citation: Work cat.: (OSt)15260: DINESH K. MENON 3917, Desgin, fabrication and testing of a manually operated paddy dibbler
